000 00509nam a2200181 4500
001 114199
003 ES-MaACL
005 20230906190110.0
007 t|
008 061121s1973 sp r ||||1| spa d
100 1 _aPalou, Jean.
_988717
245 1 3 _aLa brujería /
_cJean Palou ; traducción de Alexandre Ferrer.
250 _a1ª ed.
260 _aBarcelona [etc.] :
_bOikos-tau,
_c1973.
300 _a174 p. ;
_c18 cm.
700 1 _aFerrer, Alexandre.
_950405
852 _aES-MaACL
_jC-54436
_bR.87288
999 _c114199
_d114199